000 00296nam a2200121Ia 4500
008 190216s9999||||xx |||||||||||||| ||und||
100 _aSaleem Ali
245 0 _aSadharana Pakshikal
260 _bNational Book Trust India
_c1979
300 _a177p
650 _aGeneral Collections
942 _cREF
999 _c36075
_d36075